Recent political thought. (Record no. 758)

MARC details
000 -LEADER
fixed length control field 00448cam a2200181ua 4500
008 - FIXED-LENGTH DATA ELEMENTS--GENERAL INFORMATION
fixed length control field 110421n ii |||gr||||Z||||||eng
040 ## - CATALOGING SOURCE
Transcribing agency MAIN
082 ## - DEWEY DECIMAL CLASSIFICATION NUMBER
Classification number 320.513
245 1# - TITLE STATEMENT
Title Recent political thought.
Statement of responsibility, etc. By V D Mahajan.
250 ## - EDITION STATEMENT
Edition statement 5th.
260 ## - PUBLICATION, DISTRIBUTION, ETC.
Place of publication, distribution, etc. New Delhi.:
Name of publisher, distributor, etc. S chand.,968.
300 ## - PHYSICAL DESCRIPTION
Extent x, 615 p.:
Dimensions 20 cm.
700 1# - ADDED ENTRY--PERSONAL NAME
Personal name Mahajan, V D.,
942 ## - ADDED ENTRY ELEMENTS (KOHA)
Koha item type Books
653 ## - INDEX TERM--UNCONTROLLED
Uncontrolled term Political science.
653 ## - INDEX TERM--UNCONTROLLED
Uncontrolled term Recent political thought.
Holdings
Withdrawn status Lost status Damaged status Not for loan Home library Current library Shelving location Date acquired Total Checkouts Full call number Barcode Date last seen Date last checked out Copy number Price effective from Koha item type
        Central Library, Naharkatiya College Central Library, Naharkatiya College   19/09/2020 1 320.513 | MAH 237 24/12/2020 26/11/2020 1 19/09/2020 Books

Naharkatiya College © 2020. All rights reserved.

Powered By